banner-ar

منزل الموت الاكيد / (Record no. 58032)

MARC details
000 -الفاتح
حقل البيانات ثابتة الطول 00626nam a2200205Ia 4500
008 - عناصر البيانات ثابتة الطول - معلومات عامة
حقل البيانات ثابتة الطول 140319s9999 xx 000 0 ara d
040 ## - مصدر الفهرسة
وكالة الفهرسة الأصلية GCL /
وكالة النسخ GCL
082 04 - رقم تصنيف ديوى العشرى
رقم التصنيف 843
رقم المادة ق ا
100 1# - المدخل الرئيسى - إسم شخصى
الإسم الشخصى قصيرى، البير
245 10 - بيان العنوان
العنوان منزل الموت الاكيد /
بيان المسئوليه,etc قصيرى، البير
700 1# - المدخل الاضافى - اسم شخصى
الإسم الشخصى محمد قاسم
260 ## - PUBLICATION, DISTRIBUTION, ETC. (IMPRINT)
تاريخ النشر أو التوزيع 1992
300 ## - الوصف المادى
التعداد 144 ص
490 ## - بيان السلسلة
عنوان السلسلة سلسلة رواية
رقم المجلد/ التعيين التسلسلي 0
650 04 - المدخل الاضافى بالموضوع-مصطلح موضوعى
مصطلح موضوعي الادب العربى
650 04 - المدخل الاضافى بالموضوع-مصطلح موضوعى
مصطلح موضوعي القصص العربية المترجمة
650 04 - المدخل الاضافى بالموضوع-مصطلح موضوعى
مصطلح موضوعي القصص الفرنسية
942 ## - عناصر المدخل الإضافي( كوها)
مصدر التصنيف او مخطط الترفيف Dewey Decimal Classification
Koha [default] item type كتاب
260 ## - PUBLICATION, DISTRIBUTION, ETC. (IMPRINT)
-- [S.N] :
-- دار سعاد الصباح ،
Holdings
حالة التراجع حالة الفقد حالة تلف ليس للاعارة المكان المؤقت الموقع الحالى تاريخ الاكتساب اجمالي اﻻعارات رقم الطلب الباركود تاريخ اخر مشاهدة تاريخ تفعيل السعر نوع وعاء كوها
        مكتبة القاهرة الكبرى مكتبة القاهرة الكبرى 03/26/2014   843\ق ا 149609 03/26/2014 03/26/2014 كتاب
        مكتبة القاهرة الكبرى مكتبة القاهرة الكبرى 03/26/2014   843\ق ا 149610 03/26/2014 03/26/2014 كتاب
        مكتبة القاهرة الكبرى مكتبة القاهرة الكبرى 03/26/2014   843\ق ا 149611 03/26/2014 03/26/2014 كتاب

Powered By

EGPV